Statistics for Lyrics to Juice (cover) by Harry Styles

Click here to take the quiz!

General Stats

  • This quiz has been taken 377 times
  • The average score is 352 of 496

Answer Stats

Lyric% Correct
I
99%
a
92%
My
92%
my
92%
on
92%
the
92%
The
92%
(You
92%
You
92%
you
92%
it,
91%
it
91%
It
91%
I'm
90%
juice,
90%
juice
90%
get
87%
me
87%
be
86%
got
86%
Got
86%
he
86%
do
85%
in
85%
say?
84%
say
84%
Blame
82%
blame
82%
ain't
81%
baby)
81%
baby
81%
baby,
81%
fault
81%
to
81%
that
80%
(So
79%
so
79%
don't
77%
Don't
77%
Gotta
76%
gotta
76%
your
76%
man
74%
better
73%
know
73%
know)
73%
wall
73%
mirror
72%
Mirror,
72%
here
71%
out
71%
come
70%
(Like
69%
like
69%
this
69%
this,
69%
this)
69%
think
68%
'cause
67%
cute
66%
DMs,
66%
all
65%
gettin'
65%
No,
65%
loose
63%
lost
63%
bitch,
62%
more
62%
Somebody
62%
than
62%
what?
62%
What
62%
friends,
61%
friends
61%
If
61%
look
60%
Look,
60%
not
60%
try
58%
(Yeah,
58%
baddest,
57%
gonna
57%
shine
57%
shoes
57%
wanna
57%
Way
57%
way
57%
Goose
56%
down
55%
everybody
55%
shinin',
55%
Ya
55%
ya
55%
lie
54%
lie)
54%
damn
53%
meal
53%
want
53%
snack
52%
time
52%
makin'
51%
over
51%
whole
51%
born
50%
even
50%
Gucci
50%
LV
50%
(Ooh,
49%
(Ooh
49%
was
49%
drippin'
48%
much
48%
sauce
48%
up,
47%
up
47%
at
46%
is
46%
lookin'
45%
news
45%
That's
45%
how
44%
(How
44%
proof
43%
ball
42%
chardonnay,
42%
chardonnay
42%
crystal
42%
drawers
42%
roll
42%
roll)
42%
Heard
41%
RAGU
40%
bein'
37%
cool,
37%
ee,
37%
ee
37%
Lit
37%
pudding
37%
squeeze
36%
worth
36%
please
35%
slick
33%
take
33%
feel
32%
Hold
32%
make
32%
(Now
32%
cop
31%
have
30%
dare
28%
goals)
23%
ooo!
10%
(Haha)
6%
(Okay),
2%
(Alright)
1%
Geoffery,
1%

Score Distribution

Percentile by Number Answered

Percent of People with Each Score

Your Score History

You have not taken this quiz